| 000 | 00697cam a2200301ua 4500 | ||
|---|---|---|---|
| 020 | _c4.50 | ||
| 041 |
_aeng _h |
||
| 082 |
_a510 _bKUN/PO |
||
| 100 | _aKunjipaulo, A O . | ||
| 245 |
_aPolytechnic mathematics / _cA O Kunjipaulo. _hTextual Documents |
||
| 250 |
_a1 / _b. |
||
| 260 |
_aCalicut : _bXavier press , _c1964. |
||
| 300 | _a248 ; . | ||
| 365 | _a4.50 | ||
| 504 | _a | ||
| 942 | _cBK | ||
| 999 |
_c9494 _d9494 |
||